000
00328pam a2200133a 44500
008
230405s2005 xxu||||| |||| 00| 0 eng d
041
_a
ENG
100
_a
David hames
245
_a
instant Notes Biochemistry
260
_a
_b
Taylor and francis group llc 270
_c
2005
300
_a
438
700
_a
Nigel Hooper
906
_a
9267
999
_c
299766
_d
299766